| 000 | 00000nas 2200000za 4500 |
| 001 | 9.838549 |
| 003 | CaOODSP |
| 005 | 20221107151415 |
| 007 | cr ||||||||||| |
| 008 | 170620d20082010oncax p o f0 a0eng|d |
| 022 | |a1927-1352 |
| 040 | |aCaOODSP|beng |
| 043 | |an-cn--- |
| 086 | 1 |aCH41-22E-PDF |
| 245 | 00|aCollective Initiatives application guide |h[electronic resource]. |
| 260 | |a[Ottawa] : |bBook Publishing Policy and Programs, Canadian Heritage, |c[2007-2009] |
| 310 | |aAnnual |
| 362 | 1 |aBegan with 2007/2008; ceased with 2009/2010. |
| 500 | |aIssued also in French under title: Fonds du Canada pour les périodiques, Initiatives collectives. |
| 580 | |aContinues: Aid to industry and associations, 2003/2004?-2006/2007? |
| 692 | 07|2gccst|aPublishing |
| 710 | 1 |aCanada. |bCanadian Heritage. |
| 775 | 08|tInitiatives collectives, guide de demande |w(CaOODSP)9.838550 |
| 785 | 00|tCanada Periodical Fund, Collective Initiatives |w(CaOODSP)9.506010 |